| 000 | 00649nam a22002417a 4500 | ||
|---|---|---|---|
| 999 |
_c8668 _d8668 |
||
| 001 | 8668 | ||
| 003 | BD-JhCC | ||
| 005 | 20180307091337.0 | ||
| 008 | 821004||||| ||| 000 0 eng | ||
| 035 | _a(BD-JhCC)8668 | ||
| 040 |
_aDLC _cDLC _dDLC |
||
| 041 | _aeng | ||
| 050 | 0 | 0 | _aMLCM 82/2605 |
| 082 |
_bLOS _a621.702854 |
||
| 100 | 1 | _aLoskutov, V. | |
| 245 | 1 | 0 |
_aMathematical control machines / _cV. Loskutov. ; translated from the Russian by Yuri Sedov. |
| 260 |
_aMoscow : _bPeace Publishers, _c[19 ] |
||
| 300 | _a413 p. : ill. ; 23 cm. | ||
| 650 | _aAutomatic control | ||
| 650 | _aComputers | ||
| 942 |
_2ddc _cBK |
||